000 00251nam a2200097Ia 4500
001 699414
005 20250826162110.0
008 250824s9999 xx 000 0 und d
245 0 _aELVEDA GÜZEL VATANIM/A.ÜMİT/EVEREST
_cAHMET ÜMİT
260 _bEVEREST
999 _c699414
_d699414